| 000 | 00630pam a2200181 a 4500 | ||
|---|---|---|---|
| 020 | _a0471609048 | ||
| 082 | 0 | 0 |
_a624.1/54 _bCRO _cL-16, P-79 |
| 100 | 1 |
_aCrowther, Carroll L., _937750 |
|
| 245 | 1 | 0 |
_aLoad testing of deep foundations : _bthe planning, design, and conduct of pile load tests / _cCarroll L. Crowther. |
| 260 |
_aNew York : _bWiley, _cc1988. |
||
| 300 |
_axi, 233 p. : _bill. ; _c24 cm. |
||
| 500 | _a"A Wiley-Interscience publication." | ||
| 500 | _aIncludes index. | ||
| 526 |
_a0 _b0 _c0 _d624_154000000000000_CRO |
||
| 650 | 0 |
_aMCE _9379 |
|
| 650 | 0 |
_aPiling (Civil engineering) _xTesting. _937751 |
|
| 942 |
_2ddc _cBK |
||
| 999 |
_c542549 _d542549 |
||